| 000 | 00987nam a22002417a 4500 | ||
|---|---|---|---|
| 005 | 20251023095321.0 | ||
| 008 | 251023b |||||||| |||| 00| 0 eng d | ||
| 020 | _a9786210423167 | ||
| 040 | _absop | ||
| 100 | _aYuzon, Marie Rose Atos | ||
| 245 |
_aA course module for inclusive education in early childhood settings / _cMarie Rose Atos Yuzon.,[et al..] |
||
| 264 |
_aManila : _bRex Book Store, _cc2021. |
||
| 300 |
_avi, 126 pages : _billustrations ; _c25 cm |
||
| 336 | _atext | ||
| 337 | _aunmediated | ||
| 338 | _avolume | ||
| 505 | 0 | _aPreface--1. Foundations of Inclusion in Early Childhood--2. Making Early Childhood Settings Inclusive--3. Developmental Milestone and Red Flags--4. Inclusive Early Childhood Programs--5. Children in Marginalized Groups--References--Index | |
| 650 | _aInclusive education | ||
| 700 | _aLigon, Clarissa Carmelita Mariano | ||
| 700 | _aHalal, Cristina Nieves Aligada | ||
| 700 | _aPadilla, Cristina Rowena Salcedo | ||
| 942 |
_2lcc _cBK |
||
| 999 |
_c54656 _d54656 |
||